书目信息 |
| 题名: |
学经典 悟原理
|
|
| 作者: | 孙经国 , 李志军 主编 | |
| 分册: | ||
| 出版信息: | 北京 人民出版社 2022 |
|
| 页数: | 273页 | |
| 开本: | 23cm | |
| 丛书名: | ||
| 单 册: | ||
| 中图分类: | A85 | |
| 科图分类: | ||
| 主题词: | 马列著作研究 | |
| 电子资源: | ||
| ISBN: | 978-7-01-024082-4 | |
| 000 | 00891nam0 2200229 450 | |
| 001 | 2272648122 | |
| 005 | 20221008201057.70 | |
| 010 | @a978-7-01-024082-4@dCNY78.00 | |
| 100 | @a20220418d2022 em y0chiy50 ea | |
| 101 | 0 | @achi |
| 102 | @aCN@b110000 | |
| 105 | @ay z 000yy | |
| 200 | 1 | @a学经典 悟原理@9xue jing dian wu yuan li@e马克思主义经典著作精选导读@f孙经国,李志军主编 |
| 210 | @a北京@c人民出版社@d2022 | |
| 215 | @a273页@d23cm | |
| 330 | @a本书本着“突出重点,坚持少而精”的原则精选了《共产党宣言》《资本论》等11本马克思、恩格斯、列宁、毛泽东、邓小平所作的马克思主义经典著作进行导读,重点突出了原著对人类历史进程的深远影响及其对当代世界和中国的重大意义,从中可以感悟马克思主义的真理力量。 | |
| 606 | 0 | @a马列著作研究 |
| 690 | @aA85@v5 | |
| 701 | 0 | @a孙经国@9sun jing guo@4主编 |
| 701 | 0 | @a李志军@9li zhi jun@4主编 |
| 801 | 0 | @aCN@b91MARC@c20220425 |
| 905 | @aZUCC@dA85@e6 | |
| 学经典 悟原理:马克思主义经典著作精选导读/孙经国,李志军主编.-北京:人民出版社,2022 |
| 273页;23cm |
| ISBN 978-7-01-024082-4:CNY78.00 |
| 本书本着“突出重点,坚持少而精”的原则精选了《共产党宣言》《资本论》等11本马克思、恩格斯、列宁、毛泽东、邓小平所作的马克思主义经典著作进行导读,重点突出了原著对人类历史进程的深远影响及其对当代世界和中国的重大意义,从中可以感悟马克思主义的真理力量。 |
| ● |
| 相关链接 |
|
|
|
正题名:学经典 悟原理
索取号:A85/6
 
预约/预借
| 序号 | 登录号 | 条形码 | 馆藏地/架位号 | 状态 | 备注 |
| 1 | 2000913430 | 2000913430 | 第三书库/ [索取号:A85/6] | 在馆 | |
| 2 | 2000913431 | 2000913431 | 第三书库/ [索取号:A85/6] | 在馆 | |
| 3 | 2000913432 | 2000913432 | 第三书库/ [索取号:A85/6] | 在馆 |